Ion exchange training manual

Bibliographic Details
Main Author: Simon, George P. (Author)
Format: Book
Published: New York : Van Nostrand Reinhold , c1991
Subjects:

MARC

LEADER 00000cam a2200000 7i4500
001 0000003699
005 20021118093000.0
008 021118n
020 |a 0442006527 
090 0 0 |a QD562.I63   |b S55 1991 
100 0 |a Simon, George P. ,   |e author 
245 0 0 |a Ion exchange training manual   |c George P. Simon 
260 2 |a New York :   |b Van Nostrand Reinhold ,   |c c1991 
300 |a ix, 227 p. ; ;   |c 24 cm. 
504 |a Includes index 
650 0 |a Ion exchange 
999 |a 1000032513   |b Book   |c OPEN SHELF (30 DAYS)   |e Tembila Campus